International reporting, 1928-1985 : from the activities of the League of Nations to present-day global problems /

The School of Journalism at Columbia University has awarded the Pulitzer Prize since 1917. Nowadays there are prizes in 21 categories from the fields of journalism, literature and music. The Pulitzer Prize Archive presentsthe history of this award from its beginnings to the present: In parts A toE t...

Full description

Bibliographic Details
Other Authors: Fischer, Heinz Dietrich, 1937-, Fischer, Erika J.
Format: Book
Language:English
Published: München ; New York : K.G. Saur, 1987.
Series:Pulitzer Prize archive ; v. 1.
Subjects:

MARC

Tag First Indicator Second Indicator Subfields
LEADER 00000cam a2200000 a 4500
001 in00000032197
005 20241023122002.0
008 880203s1987 gw a b 001 0 eng
010 |a  88108377  
015 |a 87,A45,0016  |2 dnb 
015 |a 87,N18,0002  |2 dnb 
016 7 |a 870577727  |2 DE-101 
019 |a 18032666 
020 |a 3598301715 
020 |a 9783598301711 
020 |a 3598301707  |q (series) 
020 |a 9783598301704  |q (series) 
029 1 |a AU@  |b 000005912639 
029 1 |a GBVCP  |b 082885338 
029 1 |a GBVCP  |b 125192983 
029 1 |a NZ1  |b 162847 
029 1 |a NZ1  |b 4255477 
029 1 |a OHX  |b har000524967 
029 1 |a OHX  |b har070108394 
029 1 |a YDXCP  |b 1251280 
035 |a (OCoLC)ocm23051836  
035 |a (OCoLC)23051836  |z (OCoLC)18032666 
035 |a (OCoLC)ocm23051836  
040 |a DLC  |b eng  |c DLC  |d CUZ  |d MUQ  |d OHX  |d BTCTA  |d YDXCP  |d BAKER  |d KLG  |d OCLCQ  |d BDX  |d GBVCP  |d OCLCF  |d OCLCQ  |d OCLCO  |d OCLCQ  |d CEF  |d TKN  |d OCLCQ  |d UWO  |d OCLCO  |d AEUWD  |d OCLCO  |d J9U  |d OCL  |d OCLCO  |d OCLCL 
043 |a n-us--- 
045 |a x-x- 
050 0 0 |a PN4726  |b .I58 1987 
082 0 0 |a 071/.3  |2 20 
084 |a 05.30  |2 bcl 
084 |a 06  |a 63  |2 sdnb 
245 0 0 |a International reporting, 1928-1985 :  |b from the activities of the League of Nations to present-day global problems /  |c edited with general and special introductions by Heinz-Dietrich Fischer, in cooperation with Erika J. Fischer. 
260 |a München ;  |a New York :  |b K.G. Saur,  |c 1987. 
300 |a lxxxv, 352 pages :  |b illustrations ;  |c 24 cm. 
336 |a text  |b txt  |2 rdacontent 
337 |a unmediated  |b n  |2 rdamedia 
338 |a volume  |b nc  |2 rdacarrier 
490 1 |a The Pulitzer Prize archive ;  |v v. 1 
504 |a Includes bibliographical references and index. 
505 0 |a v. 1. Part A--Reportage journalism. 
520 |a The School of Journalism at Columbia University has awarded the Pulitzer Prize since 1917. Nowadays there are prizes in 21 categories from the fields of journalism, literature and music. The Pulitzer Prize Archive presentsthe history of this award from its beginnings to the present: In parts A toE the awarding oftheprize in each category is documented, commented and arranged chronologically. Part F covers the history of the prize biographically and bibliographically. Part G provides the background to thedecisions. 
650 0 |a Journalism  |z United States. 
650 0 |a Foreign news  |z United States. 
650 0 |a Reportage literature, American. 
650 0 |a Pulitzer Prizes. 
650 0 |a Foreign news  |z United States  |x History  |y 20th century  |x Sources. 
650 0 |a History, Modern  |y 20th century  |x Sources. 
650 6 |a Journalisme  |z États-Unis. 
650 6 |a Prix Pulitzer. 
650 6 |a Information internationale  |z États-Unis  |x Histoire  |y 20e siècle  |x Sources. 
650 6 |a Histoire  |y 20e siècle  |x Sources. 
650 6 |a Information internationale  |z États-Unis. 
650 6 |a Littérature de reportage américaine. 
650 7 |a History, Modern  |2 fast 
650 7 |a Foreign news  |2 fast 
650 7 |a Journalism  |2 fast 
650 7 |a Pulitzer Prizes  |2 fast 
650 7 |a Reportage literature, American  |2 fast 
651 7 |a United States  |2 fast  |1 https://id.oclc.org/worldcat/entity/E39PBJtxgQXMWqmjMjjwXRHgrq 
650 7 |a Journalism  |z United States  |2 nli 
650 7 |a Foreign news  |z United States  |2 nli 
650 7 |a Reportage literature, American  |2 nli 
650 7 |a Pulitzer Prizes  |2 nli 
648 7 |a 1900-1999  |2 fast 
653 0 |a Geschichte  |a 1928-1985 
655 7 |a Sources  |2 fast 
655 7 |a History  |2 fast 
700 1 |a Fischer, Heinz Dietrich,  |d 1937- 
700 1 |a Fischer, Erika J. 
758 |i has work:  |a International reporting, 1928-1985 (Text)  |1 https://id.oclc.org/worldcat/entity/E39PCGyRFJFXVFtjdDKfYpMPjP  |4 https://id.oclc.org/worldcat/ontology/hasWork 
776 0 8 |i Online version:  |t International reporting, 1928-1985.  |d München ; New York : K.G. Saur, 1987  |w (OCoLC)1179040468 
830 0 |a Pulitzer Prize archive ;  |v v. 1. 
938 |a Baker & Taylor  |b BKTY  |c 157.00  |d 157.00  |i 3598301715  |n 0001135886  |s active 
938 |a Brodart  |b BROD  |n 38057611  |c $125.00 
938 |a Baker and Taylor  |b BTCP  |n 88108377 //r90 
938 |a Otto Harrassowitz  |b HARR  |n har070108394 
938 |a YBP Library Services  |b YANK  |n 1251280 
948 |h HELD BY TXA - 115 OTHER HOLDINGS 
994 |a Z0  |b TXA 
999 f f |s 7a0afc39-e04a-3945-88a4-4ab83b27e551  |i 32a90b73-edce-3603-984b-f3caeb2c219d  |t 0 
952 f f |p ric  |a Texas A&M University  |b Rellis Campus  |c Joint Library Facility  |d Remote Storage  |t 0  |e PS659 .I58 1987  |h Library of Congress classification  |i unmediated -- volume  |m A14811687692 
998 f f |a PS659 .I58 1987  |t 0  |l Remote Storage